LEADER 01219nam 2200385 450 001 9910511344703321 010 $a1-68108-544-5 035 $a(CKB)4100000000775601 035 $a(MiAaPQ)EBC5044193 035 $a(EXLCZ)994100000000775601 100 $a20171013h20172017 uy 0 101 0 $aeng 135 $aurcnu|||||||| 181 $2rdacontent 182 $2rdamedia 183 $2rdacarrier 200 00$aAdvances in physicochemical properties of biopolymers$hPart 2 /$fEdited by Martin Masuelli & Denis Renard 210 1$aSharjah, United Arab Emirates :$cBentham Science Publishers,$d2017. 210 4$dİ2017 215 $a1 online resource (497 pages) $cillustrations 311 $a1-68108-545-3 320 $aIncludes bibliographical references at the end of each chapters and index. 606 $aBiopolymers$vCongresses 608 $aElectronic books. 615 0$aBiopolymers 676 $a574.1924 702 $aMasuelli$b Martin A. 702 $aRenard$b D$g(Denis), 801 0$bMiAaPQ 801 1$bMiAaPQ 801 2$bMiAaPQ 906 $aBOOK 912 $a9910511344703321 996 $aAdvances in physicochemical properties of biopolymers$92150565 997 $aUNINA LEADER 02930oas 2200937 a 450 001 9910145790403321 005 20250911213016.0 011 $a1872-6771 035 $a(DE-599)ZDB1467965-6 035 $a(DE-599)1467965-6 035 $a(OCoLC)38887970 035 $a(CONSER) 2003233358 035 $a(CKB)954925482629 035 $a(EXLCZ)99954925482629 100 $a19980402a19889999 sy a 101 0 $aeng 135 $aurmnu|||||||| 181 $ctxt$2rdacontent 182 $cc$2rdamedia 183 $acr$2rdacarrier 200 10$aDiscrete applied mathematics 210 $aAmsterdam, Netherlands $cElsevier Science B.V 300 $aRefereed/Peer-reviewed 311 08$a0166-218X 606 $aMathematics$vPeriodicals 606 $aCombinatorial analysis$vPeriodicals 606 $aMathematics$xData processing$vPeriodicals 606 $aCombinatorial analysis$xData processing$vPeriodicals 606 $aMathe?matiques$xPe?riodiques 606 $aAnalyse combinatoire$xPe?riodiques 606 $aMathe?matiques$xInformatique$xPe?riodiques 606 $aAnalyse combinatoire$xInformatique$xPe?riodiques 606 $aAnalyse combinatoire$vPe?riodiques 606 $aMathe?matiques$xInformatique$vPe?riodiques 606 $aAnalyse combinatoire$xInformatique$vPe?riodiques 606 $aCombinatorial analysis$2fast$3(OCoLC)fst00868961 606 $aCombinatorial analysis$xData processing$2fast$3(OCoLC)fst00868963 606 $aMathematics$2fast$3(OCoLC)fst01012163 606 $aMathematics$xData processing$2fast$3(OCoLC)fst01012179 608 $aPeriodicals.$2fast 608 $aPeriodicals.$2lcgft 615 0$aMathematics 615 0$aCombinatorial analysis 615 0$aMathematics$xData processing 615 0$aCombinatorial analysis$xData processing 615 6$aMathe?matiques$xPe?riodiques. 615 6$aAnalyse combinatoire$xPe?riodiques. 615 6$aMathe?matiques$xInformatique$xPe?riodiques. 615 6$aAnalyse combinatoire$xInformatique$xPe?riodiques. 615 6$aAnalyse combinatoire 615 6$aMathe?matiques$xInformatique 615 6$aAnalyse combinatoire$xInformatique 615 7$aCombinatorial analysis. 615 7$aCombinatorial analysis$xData processing. 615 7$aMathematics. 615 7$aMathematics$xData processing. 801 0$bOH1 801 1$bOH1 801 2$bOCL 801 2$bOCLCQ 801 2$bGUA 801 2$bOCLCQ 801 2$bCIT 801 2$bU9S 801 2$bGUA 801 2$bOCLCQ 801 2$bOCLCO 801 2$bOCLCQ 801 2$bOCLCF 801 2$bOCLCO 801 2$bVT2 801 2$bOCLCQ 801 2$bCGU 801 2$bOCLCO 801 2$bOCLCQ 801 2$bU3W 801 2$bOCLCQ 906 $aJOURNAL 912 $a9910145790403321 996 $aDiscrete applied mathematics$9797794 997 $aUNINA